000
00322nam a2200133Ia 4500
005
20260326100040.0
008
260326s9999||||xx |||||||||||||| ||und||
100
_a
Zubizarreta, Carlos
245
0
_a
Historia de mi Ciudad /
_c
Carlos Zubizarreta
260
_b
Emasa
300
_a
297 p.
650
_a
URBANISMO
942
_c
BK
999
_c
6986
_d
6986